Вентиляция. Оборудование и технологии: учебно-практическое пособие; [справочник]

Bibliographische Detailangaben
Weitere Verfasser: Афанасьева Р. Ф. Раллема Федоровна, Константинов Е. И. Евгений Иванович, Кузьмин М. С. Михаил Степанович, Павлов Н. Н. Николай Николаевич, Чистый Ю. А. Юрий Антонович
Zusammenfassung:Справочник «Вентиляция. Оборудование и технологии» - издание, в котором реализован синтез классических теоретических положений и передовых технологий вентиляции, основанных на применении самого современного оборудования и комплектующих. В справочнике изложены методики проектирования систем вентиляции и монтажа вентиляционного оборудования. Приведены характеристики и дано описание различного вентиляционного оборудования: вентиляторов, воздуховодов, воздушных фильтров, калориферов, воздухораспределителей и систем дымоудаления.
Sprache:Russisch
Veröffentlicht: Москва, Стройинформ, 2007
Schriftenreihe:Застройщик
Schlagworte:
Format: MixedMaterials Buch
KOHA link:https://koha.lib.tpu.ru/cgi-bin/koha/opac-detail.pl?biblionumber=163231

MARC

LEADER 00000nam0a2200000 4500
001 163231
005 20231101222400.0
010 |a 5944180102 
035 |a (RuTPU)RU\TPU\book\177105 
090 |a 163231 
100 |a 20090811d2007 m y0rusy50 ca 
101 0 |a rus 
102 |a RU 
105 |a a gj 001zy 
200 1 |a Вентиляция. Оборудование и технологии  |e учебно-практическое пособие  |e [справочник]  |f Р. Ф. Афанасьева [и др.] 
210 |a Москва  |c Стройинформ  |d 2007 
215 |a 424 с.  |c ил. 
225 1 |a Застройщик 
320 |a Глоссарий: с. 359-364. 
320 |a Условные обозначения: с. 365. 
320 |a Нормативно-техническая литература: с. 366-379. 
330 |a Справочник «Вентиляция. Оборудование и технологии» - издание, в котором реализован синтез классических теоретических положений и передовых технологий вентиляции, основанных на применении самого современного оборудования и комплектующих. В справочнике изложены методики проектирования систем вентиляции и монтажа вентиляционного оборудования. Приведены характеристики и дано описание различного вентиляционного оборудования: вентиляторов, воздуховодов, воздушных фильтров, калориферов, воздухораспределителей и систем дымоудаления. 
606 1 |a Вентиляция   |x Строительство  |2 stltpush  |3 (RuTPU)RU\TPU\subj\2229  |9 30821 
610 1 |a воздушная среда 
610 1 |a термодинамические характеристики 
610 1 |a вентиляционные системы 
610 1 |a санитарно-гигиенические характеристики 
610 1 |a помещения 
610 1 |a микроклимат 
610 1 |a системы вентиляции 
610 1 |a классификация 
610 1 |a проектирование 
610 1 |a вентиляционное оборудование 
610 1 |a вентиляторы 
610 1 |a воздуховоды 
610 1 |a шумоглушение 
610 1 |a воздухонагреватели 
610 1 |a воздушные фильтры 
610 1 |a воздухораспределители 
610 1 |a регулирующие устройства 
610 1 |a монтаж 
610 1 |a учебно-практические пособия 
610 1 |a справочники 
675 |a 697.92(07)(035)  |v 3 
701 1 |a Афанасьева  |b Р. Ф.  |g Раллема Федоровна 
701 1 |a Константинов  |b Е. И.  |g Евгений Иванович 
701 1 |a Кузьмин  |b М. С.  |g Михаил Степанович 
701 1 |a Павлов  |b Н. Н.  |g Николай Николаевич 
701 1 |a Чистый  |b Ю. А.  |g Юрий Антонович 
801 1 |a RU  |b 63413507  |c 20090811 
801 2 |a RU  |b 63413507  |c 20100825  |g RCR 
942 |c BK